000 00354nam a2200133Ia 4500
005 20260326100027.0
008 260326s9999||||xx |||||||||||||| ||und||
100 _aWasth Rodrigues, José
245 0 _aArquitetura Civil I /
_cJosé Wasth Rodrigues
260 _bUniversidad de Sao Paulo
300 _a318 p.
650 _aARQUITECTURA CIVIL
942 _cBK
999 _c6456
_d6456